|
|
|
|
| LEADER |
00814cam a2200217 i 4500 |
| 020 |
|
|
|a 9780415744492 (hbk)
|
| 082 |
0 |
0 |
|a 394.2
|b HOL/E
|
| 100 |
1 |
|
|a Holmes, Kirsten.
|9 182991
|
| 245 |
1 |
0 |
|a Events and sustainability
|
| 260 |
|
|
|a New York
|b Routledge
|c 2015
|
| 300 |
|
|
|a xvi, 206 pages ;
|
| 650 |
|
0 |
|a Special events
|9 182992
|
| 650 |
|
0 |
|a Special events
|9 182992
|
| 650 |
|
0 |
|a Special events industry
|9 182993
|
| 650 |
|
0 |
|a Sustainability.
|9 182994
|
| 700 |
1 |
|
|a Hughes, Michael,
|9 182995
|
| 700 |
1 |
|
|a Mair, Judith.
|9 182996
|
| 700 |
1 |
|
|a Carlsen, Jack.
|9 40941
|
| 942 |
|
|
|c BK
|
| 999 |
|
|
|c 192909
|d 192905
|
| 952 |
|
|
|0 0
|1 0
|4 0
|6 394_200000000000000_HOL_E
|7 0
|8 NFIC
|9 193419
|a STS
|b STS
|c GEN
|d 2017-04-28
|e Bill no. 000928 dated 10/03/2017 of Current Books India Pvt Ltd Kottayam
|g 8700.00
|l 0
|o 394.2 HOL/E
|p STS1565
|r 2017-04-28
|w 2017-04-28
|y BK
|